| 000 | 00577nam a2200205Ia 4500 | ||
|---|---|---|---|
| 003 | GCL | ||
| 005 | 20240530100044.0 | ||
| 008 | 140319s9999 xx 000 0 eng d | ||
| 040 |
_aGCL / _cGCL |
||
| 082 | 0 | 4 |
_a001.5 _bC D |
| 100 | 1 | _aCOLLIN, S.M.H | |
| 245 | 1 | 0 |
_aDICTIONARY OF INFORMATION TECHNOLOGY / _cCOLLIN, S.M.H |
| 260 |
_a[S.N] : _bPETER COLLIN PUBLISHING ، _c1987 |
||
| 300 | _a232 P | ||
| 650 | 0 | 4 | _aINFORMATION STORAGE AND RETRIEVAL |
| 650 | 0 | 4 | _aRETRIVAL SYSTEM |
| 650 | 0 | 4 | _aINFORMATION TECHNOLOGY - DICTIONARY |
| 700 | 1 | _aCOLLIN, P.H | |
| 942 |
_2ddc _cBK |
||
| 999 |
_c13498 _d13498 |
||